DAMODARAN ON VALUATION SECURITY ANALYSIS FOR INVESTMENT A (Record no. 8438)
[ view plain ]
| 000 -LEADER | |
|---|---|
| fixed length control field | 00400nam a2200145Ia 4500 |
| 008 - FIXED-LENGTH DATA ELEMENTS--GENERAL INFORMATION | |
| fixed length control field | 240624s9999 xx 000 0 und d |
| 041 ## - LANGUAGE CODE | |
| Language code of text/sound track or separate title | eng |
| 082 ## - DEWEY DECIMAL CLASSIFICATION NUMBER | |
| Classification number | 658.15 DAM |
| 100 ## - MAIN ENTRY--PERSONAL NAME | |
| Personal name | DAMODARAN ASWATH |
| 245 ## - TITLE STATEMENT | |
| Title | DAMODARAN ON VALUATION SECURITY ANALYSIS FOR INVESTMENT A |
| 250 ## - EDITION STATEMENT | |
| Edition statement | (2nd ed.) |
| 260 ## - PUBLICATION, DISTRIBUTION, ETC. | |
| Date of publication, distribution, etc. | 2006 |
| Place of publication, distribution, etc. | New York |
| Name of publisher, distributor, etc. | John Wiley and Sons |
| 300 ## - PHYSICAL DESCRIPTION | |
| Extent | x, : 685 : p. : cm. ; 25 |
| 365 ## - TRADE PRICE | |
| Currency code | |
| Price amount | 28 |
| Withdrawn status | Lost status | Damaged status | Not for loan | Home library | Current library | Shelving location | Date acquired | Source of acquisition | Cost, normal purchase price | Total Checkouts | Total Renewals | Total Holds | Full call number | Barcode | Date last seen | Date last checked out | Copy number | Price effective from | Koha item type |
|---|---|---|---|---|---|---|---|---|---|---|---|---|---|---|---|---|---|---|---|
| IMTN | IMTN | Rack 23-A | 02/14/2008 | IBH | 100.00 | 2 | 1 | 2374 | 658.15 DAM | 8438 | 05/15/2025 | 09/26/2024 | 39.68 | 06/24/2024 | Books |